000 01028nam a22002537a 4500
005 20170124103036.0
010 _aA-971991
020 _c145.00
035 _aA-971991
037 _bCen Lib/Ret
040 _aDPL
_bHN
082 _a
_bश्यामबि
100 _aश्याम बिहारी
_965620
245 _aधपेल /
_cश्याम बिहारी
246 _aDhapel /
_bby Shyam Bihari
260 _aनई दिल्ली
_bराजकमल प्रकाशन
_c1998
270 _a1-बी, नेताजी सुभाष मार्ग, दरियागंज
_bनई दिल्ली
_e110002
300 _a295पृ.
_c18सेमी (सजिल्द)
650 _a हिन्दी साहित्य
_965621
650 _a हिन्दी साहित्य -- उपन्यास
_946379
650 _aHindi literature
_965622
650 _aHindi literature -- Fiction
_965623
942 _2ddc
_cHN
_h
_mश्यामबि
999 _c116259
_d116259